[Event "61st World Juniors 2024"]
[Site "Gandhinagar IND"]
[Date "2024.06.07"]
[Round "6.27"]
[White "Aswath, S"]
[Black "Jyotshnav Talukdar"]
[Result "1-0"]
[WhiteTitle "IM"]
[WhiteElo "2352"]
[BlackElo "1898"]
[WhiteFideId "46694919"]
[BlackFideId "25924370"]
[EventDate "2024.06.02"]

1. Nf3 Nf6 2. g3 d5 3. c4 e6 4. Bg2 Be7 5. O-O O-O 6. b3 b6 7. Nc3 Bb7 8. d4
Nbd7 9. Bb2 c5 10. cxd5 Nxd5 11. Nxd5 Bxd5 12. dxc5 Nxc5 13. Rc1 a5 14. Ne5 Bxg2
15. Kxg2 Bf6 16. Rc2 Qb8 17. Qd4 Rd8 18. Qf4 Rd5 19. Nc4 Qb7 20. Qf3 Bxb2 21.
Rxb2 b5 22. Ne3 Rd7 23. Rc2 Qxf3+ 24. Kxf3 Nb7 25. Rfc1 Nd6 26. Rc7 Rxc7 27.
Rxc7 Kf8 28. Rd7 Ra6 29. Nc2 Ke8 30. Rc7 Kd8 31. Rc5 Kd7 32. Nd4 Rb6 33. e4 a4
34. b4 Nc4 35. Nxb5 Nd2+ 36. Ke3 Nb1 37. Rc1 Rxb5 38. Rxb1 Kc6 39. a3 Rh5 40. h4
f6 41. Rc1+ Kb6 42. Rc8 f5 43. Re8 Kb5 44. Kd4 Rh6 45. exf5 exf5 46. Re5+ Kb6
47. Rxf5 Rd6+ 48. Ke3 Re6+ 49. Kd2 Rd6+ 50. Ke2 Re6+ 51. Kf1 Rd6 52. Ra5 Rd3 53.
Rxa4 Kb5 54. Ra7 Kc4 55. Rxg7 Rxa3 56. Rxh7 Kxb4 57. g4 Kc4 58. g5 Kd5 59. g6
Ke6 60. h5 Kf6 61. Rf7+ Kg5 62. g7 Ra8 63. Rf8 Ra1+ 64. Kg2 Kxh5 65. Rh8+ Kg4
66. g8=Q+ 1-0

[Event "61st World Juniors 2024"]
[Site "Gandhinagar IND"]
[Date "2024.06.07"]
[Round "6.28"]
[White "Wafa, Hamed"]
[Black "Mukund Hemant Agarwal"]
[Result "1-0"]
[WhiteTitle "IM"]
[WhiteElo "2396"]
[BlackElo "2196"]
[WhiteFideId "10628452"]
[BlackFideId "25679791"]
[EventDate "2024.06.02"]

1. e4 c5 2. Nf3 d6 3. d4 cxd4 4. Nxd4 Nf6 5. Nc3 Nc6 6. Bg5 e6 7. Qd2 a6 8. Nxc6
bxc6 9. O-O-O Be7 10. h4 d5 11. g4 Nxg4 12. Bxe7 Qxe7 13. Rg1 h5 14. f3 Ne5 15.
Qf2 Ng6 16. Rg5 Qa7 17. Qg3 Qe3+ 18. Kb1 O-O 19. Bd3 Qf4 20. Qg1 Rb8 21. Ne2 Qf6
22. b3 a5 23. Qg3 dxe4 24. Bxe4 Rb5 25. Bxg6 Rxg5 26. hxg5 Qxg6 27. Nf4 Qh7 28.
g6 Qh6 29. Rh1 fxg6 30. Nxg6 Rf7 31. Rg1 Qe3 32. Ne5 h4 33. Qh2 Qf4 34. Qe2 Ba6
35. Qe1 Rf5 36. Ng6 Qd6 37. Qxh4 Kf7 38. f4 Qc5 39. Qg3 Ke8 40. Re1 Kf7 41. Ne5+
Kg8 42. Qh4 g5 43. Qh6 Qf2 44. Qxe6+ Kg7 45. Qg6+ 1-0

[Event "61st World Juniors 2024"]
[Site "Gandhinagar IND"]
[Date "2024.06.07"]
[Round "6.29"]
[White "Bhoir Paras Dilip"]
[Black "Fecker, Noah"]
[Result "1/2-1/2"]
[BlackTitle "FM"]
[WhiteElo "2016"]
[BlackElo "2390"]
[WhiteFideId "25763695"]
[BlackFideId "1334263"]
[EventDate "2024.06.02"]

1. e4 c6 2. d4 d5 3. e5 Bf5 4. h4 h5 5. Bg5 Qb6 6. Bd3 Qxd4 7. Nf3 Qg4 8. Bxf5
Qxf5 9. O-O e6 10. c4 Nd7 11. cxd5 exd5 12. Nc3 Be7 13. Re1 Nc5 14. Nd4 Qd3 15.
e6 Qxd1 16. exf7+ Kxf7 17. Raxd1 Nf6 18. b4 Ncd7 19. a3 Rhe8 20. Nce2 a5 21. Rb1
axb4 22. axb4 Bf8 23. b5 c5 24. Nf3 Ne5 25. Nf4 Nxf3+ 26. gxf3 Rxe1+ 27. Rxe1 d4
28. Nd3 Bd6 29. Nb2 b6 30. f4 Bc7 31. Nc4 Nd5 32. f5 Ra2 33. Kg2 Rc2 34. Ne5+
Bxe5 35. Rxe5 Nf6 36. Re6 d3 37. Rxb6 c4 38. Rd6 Rb2 39. b6 Ke7 40. Rd4 Rxb6 41.
Rxc4 Rd6 42. Rc7+ Kf8 43. Rc1 Rd5 44. Rd1 Kf7 45. f3 Nd7 46. Kf2 Nc5 47. Be3 Nb7
48. Bg5 Nd6 49. Ke3 Nxf5+ 50. Ke4 Ke6 51. Rxd3 Re5+ 52. Kf4 Rc5 53. Bd8 Rc4+ 54.
Kg5 Rxh4 55. Rd2 Nd4 56. Kxh4 Nxf3+ 57. Kxh5 g6+ 58. Kxg6 Nxd2 1/2-1/2

[Event "61st World Juniors 2024"]
[Site "Gandhinagar IND"]
[Date "2024.06.07"]
[Round "6.30"]
[White "Mrithyunjay Mahadevan"]
[Black "Bodrogi, Bendeguz"]
[Result "0-1"]
[WhiteTitle "CM"]
[BlackTitle "FM"]
[WhiteElo "1867"]
[BlackElo "2353"]
[WhiteFideId "45003521"]
[BlackFideId "790303"]
[EventDate "2024.06.02"]

1. Nf3 d5 2. b3 Bg4 3. Bb2 e6 4. e3 Nf6 5. h3 Bh5 6. g4 Bg6 7. Ne5 Nbd7 8. Nxg6
hxg6 9. Bg2 g5 10. d3 Bd6 11. Nd2 Ne5 12. Qe2 Ng6 13. Nf3 Nh4 14. Nxh4 Rxh4 15.
O-O-O Qe7 16. Qd2 O-O-O 17. f4 Ba3 18. fxg5 Bxb2+ 19. Kxb2 Nd7 20. e4 d4 21. Qf2
Qxg5 22. Qxd4 Nb6 23. Qf2 f6 24. Rhe1 e5 25. Qf5+ Qxf5 26. gxf5 Nd7 27. Re3 Nf8
28. Rg3 Rd7 29. Rg1 Nh7 30. Bf1 Ng5 31. Rg4 Rxg4 32. Rxg4 c5 33. Rh4 b5 34. Be2
a5 35. Bh5 Rd8 36. Bg6 Kd7 37. Rh5 Ke7 38. h4 Nf3 39. Rh7 Rg8 40. Kc3 b4+ 41.
Kc4 Kd6 42. Bh5 Nd4 43. c3 Nc2 44. cxb4 axb4 45. Kb5 Nd4+ 46. Kb6 Nc6 47. Bg6
Rb8+ 48. Ka6 c4 49. Rxg7 Kc5 0-1

[Event "61st World Juniors 2024"]
[Site "Gandhinagar IND"]
[Date "2024.06.07"]
[Round "6.31"]
[White "Jihan Tejas Shah"]
[Black "Lopez Rayo, Santiago"]
[Result "1/2-1/2"]
[BlackTitle "FM"]
[WhiteElo "1956"]
[BlackElo "2277"]
[WhiteFideId "33370109"]
[BlackFideId "4455665"]
[EventDate "2024.06.02"]

1. d4 Nf6 2. c4 g6 3. g3 Bg7 4. Bg2 O-O 5. Nc3 d6 6. Nf3 Nc6 7. O-O e5 8. dxe5
dxe5 9. Bg5 Be6 10. Qa4 h6 11. Rfd1 Qc8 12. Be3 Re8 13. Nd5 Ng4 14. Bc5 Bd7 15.
Qc2 b6 16. Be3 Nxe3 17. Nxe3 e4 18. Ne1 f5 19. Nd5 Be6 20. Rd2 Ne5 21. Rad1 c6
22. Ne3 g5 23. b3 Nf7 24. Nf1 Ne5 25. Ne3 h5 26. Qb1 Nf7 27. Nf1 Qc7 28. f3 exf3
29. Nxf3 c5 30. Ne3 f4 31. Nd5 Bxd5 32. Rxd5 Rxe2 33. Qg6 Qe7 34. Rd7 Qe3+ 35.
Kh1 Rf8 36. Ng1 Rxg2 37. Kxg2 f3+ 38. Kf1 f2 39. Nh3 Qf3 40. Nxf2 Qxf2+ 41. Kxf2
Ne5+ 42. Kg2 Nxg6 43. Rxa7 Bd4 44. Rd2 Re8 45. Kf1 Ne5 46. Re2 Rf8+ 47. Kg2 Rf7
48. Ra8+ Rf8 1/2-1/2

[Event "61st World Juniors 2024"]
[Site "Gandhinagar IND"]
[Date "2024.06.07"]
[Round "6.32"]
[White "Borkhetariya Devarsh M"]
[Black "Harshad, S"]
[Result "1/2-1/2"]
[BlackTitle "FM"]
[WhiteElo "1864"]
[BlackElo "2272"]
[WhiteFideId "25777033"]
[BlackFideId "46616551"]
[EventDate "2024.06.02"]

1. e4 c5 2. Nf3 d6 3. d4 cxd4 4. Nxd4 Nf6 5. Nc3 Nc6 6. Bg5 Bd7 7. Bxf6 gxf6 8.
Nxc6 bxc6 9. Bc4 Qa5 10. Qe2 h5 11. O-O-O Rb8 12. Bb3 Qc5 13. h3 Bh6+ 14. Kb1 h4
15. Rhe1 a5 16. e5 fxe5 17. Qh5 Kd8 18. Qxf7 Re8 19. Ne4 Qb6 20. Nxd6 exd6 21.
Rxd6 Re7 22. Qf6 Bg7 23. Rxd7+ Kxd7 24. Rd1+ Ke8 25. Qg6+ Kf8 26. Qf5+ Ke8 27.
Qg6+ Kf8 28. Qf5+ Ke8 29. Qh5+ Kf8 30. Qf5+ 1/2-1/2

[Event "61st World Juniors 2024"]
[Site "Gandhinagar IND"]
[Date "2024.06.07"]
[Round "6.34"]
[White "Vrashank, Chouhan"]
[Black "Sushanth, Kamabathula"]
[Result "0-1"]
[WhiteTitle "FM"]
[WhiteElo "2209"]
[BlackElo "2131"]
[WhiteFideId "25944240"]
[BlackFideId "25712667"]
[EventDate "2024.06.02"]

1. d4 Nf6 2. Bf4 g6 3. Nc3 d5 4. e3 Bg7 5. h4 c6 6. Be2 Nbd7 7. h5 O-O 8. hxg6
fxg6 9. Qd2 b5 10. a3 Nb6 11. Nf3 a5 12. Ne5 Bd7 13. f3 Nc8 14. e4 Nd6 15. Nxd7
Qxd7 16. e5 Nh5 17. Rxh5 gxh5 18. exd6 exd6 19. Nd1 Rae8 20. Bh2 Re6 21. Kf2 Qe7
22. c3 Bh6 23. Qc2 Re8 24. Bf1 Qh4+ 25. Kg1 Re1 26. g3 Rxf1+ 27. Kxf1 Qh3+ 28.
Qg2 Re1+ 29. Kf2 Re2+ 0-1

[Event "61st World Juniors 2024"]
[Site "Gandhinagar IND"]
[Date "2024.06.07"]
[Round "6.35"]
[White "Ang, Ern Jie Anderson"]
[Black "Daksh Goyal"]
[Result "1/2-1/2"]
[WhiteTitle "CM"]
[WhiteElo "2198"]
[BlackElo "1948"]
[WhiteFideId "5736200"]
[BlackFideId "25100149"]
[EventDate "2024.06.02"]

1. d4 d5 2. c4 c6 3. Nf3 Nf6 4. g3 dxc4 5. Bg2 b5 6. a4 Bb7 7. O-O e6 8. Ne5 a6
9. b3 cxb3 10. Bb2 Nbd7 11. Nxd7 Qxd7 12. Qxb3 Be7 13. Nd2 O-O 14. Qc2 c5 15.
Bxb7 Qxb7 16. dxc5 Rfc8 17. Bxf6 gxf6 18. Nb3 bxa4 19. Rxa4 Rab8 20. Na5 Qb2 21.
Qxb2 Rxb2 22. c6 Rb5 23. Rfa1 Bb4 24. Rb1 Rxa5 25. Raxb4 Rxc6 26. h4 h5 27. Rb7
Rac5 28. Kg2 Rc7 29. Rb8+ Rc8 30. R8b7 R5c7 31. R7b6 Rc6 32. Rb7 R8c7 33. Rb8+
Kg7 34. Ra8 Rd7 35. Ra1 Rdd6 36. Ra7 f5 37. Rb1 e5 38. Rbb7 Rf6 39. f4 exf4 40.
gxf4 Rg6+ 41. Kf3 Rgf6 42. Re7 Rc3+ 43. Kg2 Ra3 44. Re5 Kg6 45. Rc7 Re6 46.
Rxe6+ fxe6 47. Ra7 Kf6 48. Kf2 Ra4 49. Kg3 e5 50. fxe5+ Kxe5 51. Rh7 Rg4+ 52.
Kh3 Re4 53. Rxh5 Rxe2 54. Rh8 Re3+ 55. Kg2 Kf4 56. h5 Re2+ 57. Kh3 Kf3 58. h6 f4
59. Kh4 Rh2+ 60. Kg5 Rg2+ 61. Kf5 Rh2 62. Kg5 Kg3 63. Ra8 f3 64. Rxa6 f2 65. Rf6
Kg2 66. Kg6 Rh3 67. Rxf2+ Kxf2 68. h7 Rxh7 69. Kxh7 1/2-1/2

[Event "61st World Juniors 2024"]
[Site "Gandhinagar IND"]
[Date "2024.06.07"]
[Round "6.36"]
[White "Jares, Michal"]
[Black "Tleukhanov, Yerlan"]
[Result "0-1"]
[WhiteTitle "FM"]
[WhiteElo "2382"]
[BlackElo "2025"]
[WhiteFideId "386839"]
[BlackFideId "13749692"]
[EventDate "2024.06.02"]

1. Nf3 Nf6 2. g3 b5 3. Bg2 Bb7 4. O-O e6 5. b3 Be7 6. c4 b4 7. Bb2 O-O 8. d4 d6
9. Nbd2 Nbd7 10. Qc2 c5 11. dxc5 Nxc5 12. Ng5 h6 13. Bxb7 Nxb7 14. Bxf6 hxg5 15.
Bd4 a5 16. Qb2 e5 17. Be3 f5 18. f3 Qd7 19. Qc2 Nd8 20. Rfd1 Nc6 21. Nf1 e4 22.
Qd2 exf3 23. exf3 Qb7 24. Qd5+ Kh8 25. Bf2 a4 26. Re1 Bf6 27. Rac1 axb3 28. axb3
Ra5 29. c5 dxc5 30. Rxc5 Rxc5 31. Qxc5 Ne7 32. Re6 Rc8 33. Qb6 Qxb6 34. Rxb6 Bc3
35. Rb5 Ra8 36. Ne3 Ra3 37. Rb7 Nc6 38. Nd5 Rxb3 39. Rb6 Nd4 40. Nxc3 bxc3 41.
Bxd4 c2 42. Rc6 Rb1+ 43. Kg2 c1=Q 44. Rxc1 Rxc1 45. Be3 Rc2+ 46. Kh3 Rc3 47.
Bxg5 Rxf3 48. Kh4 Kh7 49. Bf4 Kg6 50. h3 Rf1 51. Bg5 Ra1 52. g4 Ra4 53. Be3 f4
54. Bd2 Rc4 55. g5 Kf5 56. g6 Rc8 57. Bxf4 Kxf4 58. Kh5 Rh8# 0-1

[Event "61st World Juniors 2024"]
[Site "Gandhinagar IND"]
[Date "2024.06.07"]
[Round "6.37"]
[White "Singh, Siddharth"]
[Black "Apoorv Kamble"]
[Result "1-0"]
[BlackTitle "FM"]
[WhiteElo "2050"]
[BlackElo "2369"]
[WhiteFideId "39907023"]
[BlackFideId "25683012"]
[EventDate "2024.06.02"]

1. e4 c6 2. d4 d5 3. e5 c5 4. c3 Nc6 5. Be2 Bf5 6. Nf3 e6 7. O-O Rc8 8. Be3 c4
9. Ne1 b5 10. g4 Bxb1 11. Rxb1 h5 12. gxh5 Nh6 13. Bxh6 Rxh6 14. f4 b4 15. Qa4
Qd7 16. Ng2 Nxe5 17. Qc2 Nc6 18. Rbe1 Be7 19. f5 e5 20. dxe5 Nxe5 21. Nf4 bxc3
22. bxc3 Rf6 23. Bd1 Rxf5 24. Qg2 f6 25. Ng6 Rxf1+ 26. Rxf1 Bc5+ 27. Kh1 Qd6 28.
Nxe5 Qxe5 29. Qg3 g5 30. Qxg5 Rc7 31. Qg8+ Ke7 32. h6 Bd6 33. Qg2 Qg5 34. Qh3
Qg8 35. h7 Qh8 36. Rg1 Rc8 37. Qh6 Be5 38. Bg4 Rb8 39. Bf5 Kd6 40. Qg7 Rb2 41.
Qd7+ Kc5 42. Rd1 Rxh2+ 43. Kg1 Qa8 44. Rb1 a6 45. Qe7+ Bd6 46. Qe3+ Kc6 47. Qb6# 1-0

[Event "61st World Juniors 2024"]
[Site "Gandhinagar IND"]
[Date "2024.06.07"]
[Round "6.38"]
[White "Kartik Kumar Singh"]
[Black "Shahil, Dey"]
[Result "1/2-1/2"]
[BlackTitle "IM"]
[WhiteElo "2042"]
[BlackElo "2332"]
[WhiteFideId "46676465"]
[BlackFideId "35062352"]
[EventDate "2024.06.02"]

1. e4 e5 2. Nf3 Nc6 3. Bb5 a6 4. Ba4 Nf6 5. O-O d6 6. Re1 Bd7 7. c3 g6 8. d3 Bg7
9. Nbd2 O-O 10. Nf1 Nh5 11. Bc2 Kh8 12. h3 Qe8 13. Ng3 Nxg3 14. fxg3 f5 15. Kh2
fxe4 16. dxe4 h6 17. Be3 Ne7 18. Qd2 g5 19. g4 Ng6 20. Rf1 Rd8 21. Ng1 Nf4 22.
g3 Ng6 23. Ne2 Ne7 24. c4 Be6 25. b3 Ng8 26. Nc3 c6 27. Rae1 b5 28. Qe2 Rb8 29.
cxb5 axb5 30. Qd3 Qe7 31. Nd5 Qd7 32. Bc1 Nf6 33. Ne3 d5 34. exd5 cxd5 35. Nf5
e4 36. Qd2 Bxf5 37. Rxf5 d4 38. Bxe4 Nxe4 39. Rxf8+ Rxf8 40. Rxe4 Qc6 41. Re1
Qf3 42. Qg2 Qc3 43. Rd1 d3 44. Be3 Re8 45. Qf2 b4 46. Rc1 Qe5 47. Re1 Rf8 48.
Qg2 Qd6 49. Rd1 Bc3 50. Qe4 d2 51. Kg2 Qf6 52. Rxd2 Qf1+ 53. Kh2 1/2-1/2

[Event "61st World Juniors 2024"]
[Site "Gandhinagar IND"]
[Date "2024.06.07"]
[Round "6.39"]
[White "Manish Anto, Cristiano F"]
[Black "Sharon, Rafael"]
[Result "1-0"]
[WhiteTitle "IM"]
[WhiteElo "2307"]
[BlackElo "2015"]
[WhiteFideId "25095927"]
[BlackFideId "74601580"]
[EventDate "2024.06.02"]

1. c4 c5 2. Nf3 Nf6 3. Nc3 d5 4. cxd5 Nxd5 5. e3 Nc6 6. Bb5 e6 7. Ne5 Qc7 8.
Nxc6 bxc6 9. Be2 Be7 10. O-O O-O 11. Na4 Rd8 12. b3 Nb6 13. Nc3 Bb7 14. Bb2 Rd7
15. Qc2 Rad8 16. Rad1 Nd5 17. a3 Nf6 18. Na4 c4 19. Bxc4 c5 20. Be2 Ne4 21. d3
Nf6 22. Rc1 Bd6 23. Nxc5 Rc8 24. Bxf6 gxf6 25. Nxd7 Qxc2 26. Nxf6+ Kf8 27. Rxc2
Rxc2 28. Bf3 Bxf3 29. gxf3 Ke7 30. Ne4 Bc7 31. b4 f5 32. Nc5 Rc3 33. Ra1 f4 34.
exf4 Bxf4 35. Re1 e5 36. d4 Rxa3 37. dxe5 Bd2 38. Re4 Rxf3 39. Kg2 Rf5 40. Nd3
Ke6 41. Re2 Bc3 42. f4 Rf8 43. Rc2 Bd4 44. Kf3 Kd5 45. Rc7 Rd8 46. Rxh7 Kc4 47.
Nc5 Bxc5 48. bxc5 Ra8 49. c6 a5 50. Rb7 a4 51. c7 Rc8 52. Ra7 Kb3 53. e6 a3 54.
e7 a2 55. f5 Rxc7 56. e8=Q 1-0

[Event "61st World Juniors 2024"]
[Site "Gandhinagar IND"]
[Date "2024.06.07"]
[Round "6.40"]
[White "Koziorowicz, Michal"]
[Black "Jain, Kushagra"]
[Result "1/2-1/2"]
[WhiteTitle "FM"]
[WhiteElo "2304"]
[BlackElo "1996"]
[WhiteFideId "21809194"]
[BlackFideId "66607663"]
[EventDate "2024.06.02"]

1. e4 c5 2. Nf3 d6 3. Bb5+ Bd7 4. Bxd7+ Qxd7 5. O-O Nc6 6. Re1 e6 7. c3 d5 8. d3
Be7 9. Qb3 O-O-O 10. Nbd2 g5 11. d4 g4 12. Ne5 Nxe5 13. dxe5 Bg5 14. exd5 exd5
15. Ne4 Be7 16. Nd6+ Bxd6 17. exd6 Qxd6 18. Qa4 Nf6 19. Bg5 a6 20. Qc2 Rd7 21.
Rad1 Ne4 22. Rxe4 Qg6 23. Bf6 Rg8 24. Re2 Qxf6 25. Qxh7 Rh8 26. Qd3 Qh6 27. Qg3
f5 28. Rde1 Rdh7 29. Re8+ Rxe8 30. Rxe8+ Kd7 31. Re1 Qd6 32. Re5 Re7 33. Rxe7+
Qxe7 34. h4 gxh3 35. gxh3 Qe4 36. h4 1/2-1/2

[Event "61st World Juniors 2024"]
[Site "Gandhinagar IND"]
[Date "2024.06.07"]
[Round "6.41"]
[White "Pozzari, Simone"]
[Black "Jai Sankar Subramanian"]
[Result "0-1"]
[WhiteTitle "FM"]
[WhiteElo "2276"]
[BlackElo "1986"]
[WhiteFideId "2831282"]
[BlackFideId "25931970"]
[EventDate "2024.06.02"]

1. e4 e6 2. d4 d5 3. Nd2 Nf6 4. e5 Nfd7 5. Bd3 c5 6. c3 Nc6 7. Ne2 cxd4 8. cxd4
f6 9. exf6 Nxf6 10. Nf3 Bd6 11. Bf4 Bxf4 12. Nxf4 O-O 13. O-O Ne4 14. Qc1 Ng5
15. Nxg5 Qxg5 16. Bxh7+ Kxh7 17. Nxe6 Qf6 18. Nxf8+ Qxf8 19. Qg5 Qf5 20. Qh4+
Kg8 21. Rfe1 Bd7 22. Re3 Qf6 23. Qxf6 gxf6 24. Rd1 Kf7 25. f3 Rc8 26. Rc3 Re8
27. Kf2 Rh8 28. h3 f5 29. f4 Re8 30. Re3 Re4 31. Rxe4 dxe4 32. a3 Ne7 33. d5 Ba4
34. Rd2 Bb3 35. d6 Nd5 36. Rd4 Ke6 37. g4 e3+ 38. Ke1 Kxd6 39. gxf5 Ke7 40. h4
Kf6 41. h5 Kxf5 42. h6 Kg6 43. f5+ Kxh6 44. Rg4 Bc2 45. Rg6+ Kh5 46. Rd6 Nf4 47.
Rd4 Kg5 48. f6 Bg6 49. a4 Bh5 50. f7 Bxf7 51. Re4 Kf5 52. Re7 Bc4 53. b3 Ng2+
54. Kd1 e2+ 55. Kd2 e1=Q+ 56. Rxe1 Nxe1 0-1

[Event "61st World Juniors 2024"]
[Site "Gandhinagar IND"]
[Date "2024.06.07"]
[Round "6.42"]
[White "Jani, Kushal R"]
[Black "Ayushh, Ravikumar"]
[Result "1-0"]
[BlackTitle "FM"]
[WhiteElo "2192"]
[BlackElo "1950"]
[WhiteFideId "25679988"]
[BlackFideId "35039482"]
[EventDate "2024.06.02"]

1. e4 e5 2. Nf3 Nf6 3. Nxe5 d6 4. Nf3 Nxe4 5. d4 d5 6. Bd3 Bd6 7. O-O O-O 8. Re1
Re8 9. c4 c6 10. Qb3 b6 11. Nc3 Nxc3 12. Bg5 Rxe1+ 13. Rxe1 Qf8 14. bxc3 Ba6 15.
Bb1 Bxc4 16. Qc2 g6 17. Nh4 Nd7 18. Nf5 Re8 19. Re3 Rxe3 20. Nxe3 b5 21. Qd1 Be7
22. h4 Bxg5 23. hxg5 Qe7 24. Qg4 c5 25. Qf4 cxd4 26. cxd4 f6 27. Qc7 fxg5 28.
Ng4 Kf7 29. Qxa7 Be2 30. Ne3 Nf6 31. Qa6 Qb4 32. Qxf6+ Ke8 33. Bc2 Qe1+ 34. Kh2
Qc3 35. Nxd5 1-0

[Event "61st World Juniors 2024"]
[Site "Gandhinagar IND"]
[Date "2024.06.07"]
[Round "6.43"]
[White "Nainys, Zanas"]
[Black "Mrinmoy Rajkhowa"]
[Result "1/2-1/2"]
[WhiteElo "2153"]
[BlackElo "1942"]
[WhiteFideId "12844098"]
[BlackFideId "25603426"]
[EventDate "2024.06.02"]

1. d4 Nf6 2. c4 g6 3. Nc3 Bg7 4. e4 d6 5. Nf3 O-O 6. Bd3 Bg4 7. Be2 Bxf3 8. Bxf3
Nfd7 9. Be3 Nc6 10. d5 Na5 11. Be2 Nb6 12. Bd4 Bxd4 13. Qxd4 c5 14. dxc6 e5 15.
Qe3 bxc6 16. c5 Nac4 17. Bxc4 Nxc4 18. Qe2 Na5 19. Rd1 Nb7 20. cxd6 Nxd6 21. O-O
Qb8 22. h4 Nb5 23. Nxb5 Qxb5 24. Qxb5 cxb5 25. Rd5 a6 26. Rxe5 Rac8 27. f3 Rc2
28. Rf2 Rxf2 29. Kxf2 Rc8 30. Kg3 Rc2 31. Re8+ Kg7 32. Ra8 Rxb2 33. Rxa6 h5 34.
a3 b4 35. axb4 Rxb4 36. Kf4 Rb2 37. g3 Rb5 38. Ra3 Kf6 39. Ke3 Rb1 40. Ra6+ Kg7
41. Ra5 Rb3+ 42. Kf4 Rb4 43. Rd5 Ra4 44. Rd3 Rb4 45. Ke3 Rb5 46. Kd4 Kf6 47. Kc4
Ra5 48. Rd6+ Ke7 49. Rd3 Kf6 50. Rc3 Ra7 51. Kd4 Rd7+ 52. Ke3 Ra7 53. Rc6+ Kg7
54. Rc5 Ra3+ 55. Kf4 Ra4 56. Rd5 Kf6 57. Rd6+ Kg7 58. Ke3 Ra3+ 59. Rd3 Ra5 60.
f4 Ra4 61. Kf3 Kf6 62. Rd6+ Ke7 63. e5 Ra3+ 64. Kf2 Ra2+ 65. Ke3 Ra3+ 66. Rd3
Ra4 67. Kf3 Ra1 68. Rb3 Ke6 69. Ke3 Ra4 70. Rb6+ Ke7 71. Rb7+ Ke6 72. Rb3 Ke7
73. Kf3 Ra7 74. Rc3 Ke6 75. Rd3 Ke7 76. Rb3 Ke6 77. Rc3 Ke7 78. Ke4 Ra4+ 79. Kd3
Ra1 1/2-1/2

[Event "61st World Juniors 2024"]
[Site "Gandhinagar IND"]
[Date "2024.06.07"]
[Round "6.44"]
[White "Talgatov, Nazar"]
[Black "Sri Charan Sandipagu"]
[Result "0-1"]
[WhiteElo "2108"]
[BlackElo "1924"]
[WhiteFideId "13743694"]
[BlackFideId "25174657"]
[EventDate "2024.06.02"]

1. e4 c5 2. Nf3 d6 3. Bb5+ Nd7 4. O-O Nf6 5. Re1 a6 6. Bf1 e6 7. c3 Be7 8. d4
cxd4 9. cxd4 O-O 10. Nc3 b5 11. a3 Bb7 12. Bd3 Rc8 13. Qe2 Qc7 14. Bg5 h6 15.
Bh4 Rfe8 16. Rad1 e5 17. Bb1 Nf8 18. Ba2 Ng6 19. Bg3 Bf8 20. Nh4 Ne7 21. Qf3
exd4 22. Rxd4 Nc6 23. Rdd1 Ne5 24. Bxe5 dxe5 25. Nf5 Nh7 26. Qg3 Kh8 27. Rd3 g6
28. Ne3 Nf6 29. Qf3 Kg7 30. Red1 Rcd8 31. Ng4 Be7 32. Nxf6 Bxf6 33. Nd5 Bc8 34.
h3 h5 0-1

[Event "61st World Juniors 2024"]
[Site "Gandhinagar IND"]
[Date "2024.06.07"]
[Round "6.45"]
[White "Shah, Jeet"]
[Black "Bharadia Yash"]
[Result "1/2-1/2"]
[BlackTitle "CM"]
[WhiteElo "1946"]
[BlackElo "2100"]
[WhiteFideId "45012954"]
[BlackFideId "45087822"]
[EventDate "2024.06.02"]

1. e4 c5 2. Nf3 d6 3. d4 cxd4 4. Nxd4 Nf6 5. Nc3 g6 6. g3 Nc6 7. Nxc6 bxc6 8.
Bg2 e5 9. O-O Be7 10. b4 Rb8 11. Rb1 Be6 12. a4 d5 13. exd5 cxd5 14. Qe2 e4 15.
Nb5 Qd7 16. Be3 O-O 17. c3 Ng4 18. Bf4 Rbc8 19. f3 Nf6 20. fxe4 Bg4 21. Qe3 Nxe4
22. Bh6 Rfd8 23. Bxe4 dxe4 24. Qxe4 a6 25. Rbe1 Re8 26. Qd4 f6 27. Qxd7 Bxd7 28.
Nd4 Rxc3 29. Re4 f5 30. Ne2 Rc2 31. Re3 Bxb4 32. Rxe8+ Bxe8 33. Nd4 Bc5 34. Be3
Rc4 35. Rd1 Bxa4 36. Rd2 a5 37. Kf2 Bb4 38. Rb2 Kf7 39. Ra2 Bc5 40. Nxf5 Bb4 41.
Rxa4 Be1+ 42. Kxe1 Rxa4 43. Nd4 Ra2 44. Bd2 Kf6 45. Kd1 Ra1+ 46. Kc2 a4 47. Kb2
Rh1 48. Ka3 Ke5 49. Bc3 Ke4 50. Kxa4 Rxh2 51. Nc6 Rg2 52. Be5 Kd5 53. Kb5 g5 54.
Bc7 h5 55. Nb4+ Ke4 56. Kc4 g4 57. Nd5 Kf3 58. Kd3 Rxg3 59. Bxg3 Kxg3 60. Nf6 h4
61. Nxg4 h3 62. Ke2 Kf4 1/2-1/2

[Event "61st World Juniors 2024"]
[Site "Gandhinagar IND"]
[Date "2024.06.07"]
[Round "6.46"]
[White "Arshpreet Singh"]
[Black "Radojicic, Aleksandar M"]
[Result "1-0"]
[WhiteElo "1932"]
[BlackElo "2088"]
[WhiteFideId "25902113"]
[BlackFideId "979694"]
[EventDate "2024.06.02"]

1. e4 c5 2. c3 d5 3. exd5 Qxd5 4. Nf3 e6 5. Na3 Nf6 6. d4 a6 7. Nc4 Nbd7 8. Be2
b5 9. Nfd2 Qb7 10. Bf3 Qb8 11. Bxa8 Qxa8 12. Ne3 cxd4 13. cxd4 Bb7 14. O-O h5
15. Nb3 Ng4 16. f3 Nxe3 17. Bxe3 Bd5 18. Rc1 Bd6 19. Nc5 Nf6 20. Qd2 h4 21. Bf4
Be7 22. Qa5 Nh5 23. Be3 h3 24. Qxa6 Qb8 25. g4 Bd6 26. gxh5 Bxh2+ 27. Kf2 Qg3+
28. Ke2 O-O 29. Nd7 Rd8 30. Rc8 Bc4+ 31. Kd2 Qh4 32. Rh1 Bd6 33. Rxd8+ Qxd8 34.
Qxd6 Kh7 35. Nf8+ 1-0

[Event "61st World Juniors 2024"]
[Site "Gandhinagar IND"]
[Date "2024.06.07"]
[Round "6.47"]
[White "Jval Saurin Patel"]
[Black "Guru Prakash"]
[Result "1/2-1/2"]
[WhiteElo "2085"]
[BlackElo "1817"]
[WhiteFideId "25968343"]
[BlackFideId "25138316"]
[EventDate "2024.06.02"]

1. d4 Nf6 2. c4 g6 3. Nc3 Bg7 4. e4 d6 5. f4 O-O 6. Nf3 c5 7. d5 e6 8. Be2 exd5
9. cxd5 Nbd7 10. O-O Re8 11. Nd2 c4 12. Kh1 Nc5 13. e5 dxe5 14. Nxc4 exf4 15.
Bxf4 Nce4 16. Nxe4 Rxe4 17. Ne3 Qb6 18. Qc1 Bd7 19. Bd3 Rd4 20. Bc2 Qb4 1/2-1/2

[Event "61st World Juniors 2024"]
[Site "Gandhinagar IND"]
[Date "2024.06.07"]
[Round "6.48"]
[White "Arul Prakash N"]
[Black "Safarov, Deniel"]
[Result "1-0"]
[WhiteElo "1907"]
[BlackElo "2059"]
[WhiteFideId "45061114"]
[BlackFideId "13619802"]
[EventDate "2024.06.02"]

1. d4 Nf6 2. c4 e6 3. Nc3 Bb4 4. e3 O-O 5. Bd3 c5 6. Ne2 cxd4 7. exd4 d5 8. c5
b6 9. a3 Bxc3+ 10. Nxc3 bxc5 11. dxc5 h6 12. b4 e5 13. O-O e4 14. Bc2 Bg4 15.
Qd2 Nc6 16. Bb2 Qd7 17. Nb5 Ne8 18. f3 exf3 19. Qd3 f5 20. gxf3 Bh3 21. Rf2 Rd8
22. f4 Bg4 23. Rg2 d4 24. Rxg4 fxg4 25. Qh7+ Kf7 1-0